Turn on The Human Calculator in You Answer Guide: (Record no. 63820)

000 -LEADER
fixed length control field 00488nam a22001817a 4500
003 - CONTROL NUMBER IDENTIFIER
control field NUST - PNEC
005 - DATE AND TIME OF LATEST TRANSACTION
control field 20170116180824.0
008 - FIXED-LENGTH DATA ELEMENTS--GENERAL INFORMATION
fixed length control field 150629b xxu||||| |||| 00| 0 eng d
020 ## - INTERNATIONAL STANDARD BOOK NUMBER
International Standard Book Number 9780988408432
040 ## - CATALOGING SOURCE
Transcribing agency LIBRARY
082 ## - DEWEY DECIMAL CLASSIFICATION NUMBER
Classification number 513.FLA
100 ## - MAIN ENTRY--PERSONAL NAME
9 (RLIN) 4255
Personal name Flansburg Scott
245 ## - TITLE STATEMENT
Title Turn on The Human Calculator in You Answer Guide:
Statement of responsibility, etc. Scott Flansburg
260 ## - PUBLICATION, DISTRIBUTION, ETC.
Place of publication, distribution, etc. USA
Name of publisher, distributor, etc. Human Calculator
Date of publication, distribution, etc. c2012.
300 ## - PHYSICAL DESCRIPTION
Extent 56 p. :
650 ## - SUBJECT ADDED ENTRY--TOPICAL TERM
9 (RLIN) 4257
Topical term or geographic name entry element Math
General subdivision ME
942 ## - ADDED ENTRY ELEMENTS (KOHA)
Source of classification or shelving scheme
Koha item type Book
Holdings
Withdrawn status Lost status Source of classification or shelving scheme Damaged status Not for loan Permanent Location Current Location Shelving location Date acquired Source of acquisition Cost, normal purchase price Total Checkouts Full call number Barcode Date last seen Cost, replacement price Price effective from Koha item type
          Pakistan Navy Engineering College (PNEC) Pakistan Navy Engineering College (PNEC)   12/08/2013 Progressive International Agency / Library / Reference Grant 3474.00   513.FLA PNECLIB-031584 06/29/2015 3474.00 12/08/2013 Book
© 2023 Central Library, National University of Sciences and Technology. All Rights Reserved.